000 00351cam a22001217a 4500
008 180718b1961 xxu||||| |||| 00| 0 eng d
082 _aA6x5692 Q29
100 _aQubain, Fahim I.
245 _aCrisis in Lebanon
_cby Fahim I. Qubain
260 _aWashington
_bMiddle East Institute
_c1961
300 _a243p
650 _aLebanon -Politics and government.
999 _c412856
_d412856